Capitales de l’Europe (mode ultime) - Statistiques

Statistiques générales
  • Ce quiz a été pris 62 fois
  • Le résultat moyen est 39 sur 47
Statistiques - réponses
Hint Réponse % Correct
Pays-Bas Amsterdam
96%
Grèce Athènes
92%
Hongrie Budapest
92%
Vatican Cité du Vatican
92%
Finlande Helsinki
92%
Ukraine Kyiv
92%
Allemagne Berlin
91%
Suisse Berne
91%
Belgique Bruxelles
91%
Danemark Copenhague
91%
Portugal Lisbonne
91%
Espagne Madrid
91%
Russie Moscou
91%
Royaume-Uni Londres
89%
Luxembourg Luxembourg
89%
Monaco Monaco
89%
France Paris
89%
Autriche Vienne
89%
Irlande Dublin
87%
Norvège Oslo
87%
Italie Rome
87%
Saint-Marin Saint-Marin
87%
Suède Stockholm
87%
Pologne Varsovie
87%
Croatie Zagreb
87%
Turquie Ankara
85%
Roumanie Bucarest
85%
Islande Reykjavik
85%
République tchèque Prague
83%
Andorre Andorre-la-Vieille
81%
Malte La Valette
81%
Bosnie-Herzégovine Sarajevo
81%
Bulgarie Sofia
79%
Slovénie Ljubljana
75%
Lettonie Riga
75%
Albanie Tirana
75%
Liechtenstein Vaduz
74%
Serbie Belgrade
72%
Biélorussie Minsk
72%
Chypre Nicosie
72%
Monténégro Podgorica
72%
Slovaquie Bratislava
66%
Kosovo Pristina
64%
Lituanie Vilnius
64%
Moldavie Chișinău
62%
Macédoine du Nord Skopje
62%
Estonie Tallinn
62%
Aucun quiz correspondant
Distribution des résultats
% des personnes avec chaque résultat
Percentile par nombre de réponses
Votre historique - résultats
Vous n’avez pas pris ce quiz